|
|
|
|
| LEADER |
00000nam0a2200000 4500 |
| 001 |
275060 |
| 005 |
20231101234804.0 |
| 035 |
|
|
|a (RuTPU)RU\TPU\book\298289
|
| 090 |
|
|
|a 275060
|
| 100 |
|
|
|a 20141111d1987 d y0rusy50 ca
|
| 101 |
0 |
|
|a rus
|
| 102 |
|
|
|a RU
|
| 105 |
|
|
|a a z 001cb
|
| 200 |
1 |
|
|a Антон Павлович Чехов
|e книга для учащихся
|f А. П. Чудаков
|g под ред. Л. А. Беловой
|
| 210 |
|
|
|a Москва
|c Просвещение
|d 1987
|
| 215 |
|
|
|a 176 с.
|c ил.
|
| 225 |
1 |
|
|a Биография писателя
|
| 320 |
|
|
|a Список рекомендуемой литературы: с. 174
|
| 600 |
|
1 |
|a Чехов
|g Антон Павлович
|b А. П.
|c русский писатель
|f 1860-1904
|2 stltpush
|3 (RuTPU)RU\TPU\pers\1035
|
| 606 |
1 |
|
|a Русская литература, дореволюционная
|x История и критика
|2 stltpush
|3 (RuTPU)RU\TPU\subj\26372
|9 50315
|
| 610 |
1 |
|
|a литературоведение
|
| 610 |
1 |
|
|a биография
|
| 610 |
1 |
|
|a русские писатели
|
| 610 |
1 |
|
|a писатели
|
| 610 |
1 |
|
|a русская литература
|
| 610 |
1 |
|
|a 19 век
|
| 610 |
1 |
|
|a 20 век
|
| 610 |
1 |
|
|a очерки
|
| 675 |
|
|
|a 8Р1
|v 3
|
| 700 |
|
1 |
|a Чудаков
|b А. П.
|g Александр Павлович
|4 070
|
| 702 |
|
1 |
|a Белова
|b Л. А.
|4 340
|
| 801 |
|
1 |
|a RU
|b 63413507
|c 20141111
|
| 801 |
|
2 |
|a RU
|b 63413507
|c 20220111
|g RCR
|
| 942 |
|
|
|c BK
|